000 00406pab a2200145 454500
008 180718b1985 xxu||||| |||| 00| 0 eng d
100 _aGriffiths, Mary G.
245 _aIrrigation
_bProtecting a precious resource : There is far more to irrigation than just water
260 _c1985
300 _a18-30
362 _aMar.
650 _aIrrigation
773 _aNational Development Asia
909 _a11363
999 _c11363
_d11363